Основы расследования преступлений, отнесенных к компетенции таможенных органов: учебное пособие

Detalles Bibliográficos
Autor Principal: Шатанкова Е. Н. Елена Николаевна
Summary:Актуальность данного пособия обусловлена тем, что государство преследует одну из целей - эффективное и полное расследование и раскрытие преступлений. Задача учебного пособия - сформировать знания у студентов таможенного дела в сфере расследования преступлений по уголовным делам, отнесенным к компетенции таможенных органов.
Idioma:ruso
Publicado: Санкт-Петербург, Интермедия, 2015
Subjects:
Formato: MixedMaterials Libro
KOHA link:https://koha.lib.tpu.ru/cgi-bin/koha/opac-detail.pl?biblionumber=270070

MARC

LEADER 00000nam0a2200000 4500
001 270070
005 20231101234320.0
010 |a 9785438300779 
035 |a (RuTPU)RU\TPU\book\293250 
090 |a 270070 
100 |a 20140924d2015 m y0rusy50 ca 
101 0 |a rus 
102 |a RU 
105 |a y j 001zy 
200 1 |a Основы расследования преступлений, отнесенных к компетенции таможенных органов  |e учебное пособие  |f Е. Н. Шатанкова 
210 |a Санкт-Петербург  |c Интермедия  |d 2015 
215 |a 90 с. 
320 |a Библиогр.: с. 87-90. 
330 |a Актуальность данного пособия обусловлена тем, что государство преследует одну из целей - эффективное и полное расследование и раскрытие преступлений. Задача учебного пособия - сформировать знания у студентов таможенного дела в сфере расследования преступлений по уголовным делам, отнесенным к компетенции таможенных органов. 
606 1 |a Коррупция  |x Уголовное право  |y РФ  |2 stltpush  |3 (RuTPU)RU\TPU\subj\68175  |9 83658 
606 1 |a Таможенное дело  |x Экономика  |2 stltpush  |3 (RuTPU)RU\TPU\subj\69328  |9 84236 
610 1 |a таможенные преступления 
610 1 |a таможенные органы 
610 1 |a Россия 
610 1 |a уголовные дела 
610 1 |a право 
610 1 |a дознание 
610 1 |a расследования 
610 1 |a процессуальные аспекты 
610 1 |a судебная экспертиза 
610 1 |a расследование 
610 1 |a таможенные платежи 
610 1 |a контрабанда 
610 1 |a денежные средства 
610 1 |a криминология 
610 1 |a учебные пособия 
686 |a Х628.111.6я73  |v LBC/SL-A  |2 rubbk 
686 |a У9(2)428я73  |v LBC/SL-A  |2 rubbk 
700 1 |a Шатанкова  |b Е. Н.  |g Елена Николаевна 
801 1 |a RU  |b 63413507  |c 20140924 
801 2 |a RU  |b 63413507  |c 20150709  |g RCR 
942 |c BK 
959 |a 131/20140924  |d 2  |e 380,00  |f ЧЗГЛ:1  |f АНЛ:1